| 000 | 00704nam a22002057a 4500 | ||
|---|---|---|---|
| 003 | OSt | ||
| 005 | 20250815102025.0 | ||
| 008 | 250815b |||||||| |||| 00| 0 eng d | ||
| 020 | _a1-933615-09-5 | ||
| 040 |
_aDWC-Main Lib _cOC |
||
| 082 | _aCirc. 641.5973 B544 2006 | ||
| 245 |
_aThe best of America's test kitchen : _bthe year's best Recipes, equipment reviews and tasting/ |
||
| 250 | _aFirst edition | ||
| 260 |
_aBrookline, Massachusetts: _bThe Best of America's Test Kitchen., _cc2006. |
||
| 300 |
_a312 pages : _bcolor illustrations ; _c28cm. |
||
| 504 | _aIncludes index. | ||
| 650 | _a1. Cooking --- American. | ||
| 650 | _a2. Cookbooks. | ||
| 942 |
_2ddc _cBK-CIRC _eFirst edition _kCirc. _n0 |
||
| 999 |
_c3985 _d3985 |
||